-
SINGH, RANA Dr. SURINDER AND KUMAR ,Dr. SACHIN
Entry Personal Name
Number of records used in: 1
001 - CONTROL NUMBER
003 - CONTROL NUMBER IDENTIFIER
005 - DATE AND TIME OF LATEST TRANSACTION
- control field:
20221219154222.0
008 - FIXED-LENGTH DATA ELEMENTS
- fixed length control field:
221219|| aca||aabn | a|a d
040 ## - CATALOGING SOURCE
- Original cataloging agency:
OSt
- Transcribing agency:
OSt
100 ## - HEADING--PERSONAL NAME
- Personal name:
SINGH, RANA Dr. SURINDER AND KUMAR ,Dr. SACHIN
670 ## - SOURCE DATA FOUND
- Source citation:
Work cat.: (OSt)8117: SINGH, RANA Dr. SURINDER AND KUMAR ,Dr. SACHIN , WEED MANAGEMENT , 2022